000 00364cam a22001217a 4500
008 180718b1984 xxu||||| |||| 00| 0 eng d
082 _aT19x5444 R18
100 _aRao, Hemlata
245 _aRegional disparities and development in India
_cby Hemlata Rao
260 _aNew Delhi
_bAshiah
_c1984
300 _a366p.
650 _aEconomic development - India - Karnataka
999 _c352276
_d352276